Finance and performance of firms in science, education and practice proceedings of the 7th international scientific conference : april 23 - 24, 2015, Zlín, Czech Republic

Saved in:
Bibliographic Details
Corporate Authors: Finance and performance of firms in science, education and practice. International scientific conference, Univerzita Tomáše Bati ve Zlíně. Fakulta managementu a ekonomiky
Other Authors: Pastuszková, Eliška, Crhová, Zuzana, Vychytilová, Jana, Vytrhlíková, Blanka, Knápková, Adriana, Bednář, Pavel, Belás, Jaroslav
Format: Book
Language:English
Published: Zlín Tomas Bata University in Zlín 2015
Subjects:
Tags: Add Tag
No Tags, Be the first to tag this record!

MARC

LEADER 00000nlm$a2200000$$$4500
001 0200544
005 20240514124341.5
020 |a 978-80-7454-482-8 
041 0 |a eng 
044 |a CZ 
245 1 0 |a Finance and performance of firms in science, education and practice  |b proceedings of the 7th international scientific conference : april 23 - 24, 2015, Zlín, Czech Republic  |c editors: Eliška Pastuszková ... [et al.] ; reviewers: Pavel Bednář, Jaroslav Belás ... [et al.] 
264 1 |a Zlín  |b Tomas Bata University in Zlín  |c 2015 
300 |a CD-ROM [1726 s.] 
610 2 0 |a financie 
610 2 0 |a financie podnikové 
610 2 0 |a veda 
610 2 0 |a výskum 
610 2 0 |a vzdelávanie 
700 1 |a Pastuszková, Eliška 
700 1 |a Crhová, Zuzana 
700 1 |a Vychytilová, Jana 
700 1 |a Vytrhlíková, Blanka 
700 1 |a Knápková, Adriana 
700 1 |a Bednář, Pavel 
700 1 |a Belás, Jaroslav 
110 2 |a Finance and performance of firms in science, education and practice. International scientific conference 
710 2 |a Univerzita Tomáše Bati ve Zlíně. Fakulta managementu a ekonomiky